Sistemas de contabilidad social / (Record no. 134629)

MARC details
000 -LEADER
campo de control de longitud fija 00825nam a2200253 i 4500
001 - NÚMERO DE CONTROL
campo de control 134629
003 - IDENTIFICADOR DE NÚMERO DE CONTROL
campo de control ES-MaACL
005 - FECHA Y HORA DE LA ÚLTIMA TRANSACCIÓN
campo de control 20250824212333.0
007 - CAMPO FIJO DE DESCRIPCIÓN FÍSICA--INFORMACIÓN GENERAL
campo de control de longitud fija t|
008 - DATOS DE LONGITUD FIJA--INFORMACIÓN GENERAL
campo de control de longitud fija 070912s1968 sp ||||1| spa d
080 ## - NÚMERO DE LA CLASIFICACIÓN DECIMAL UNIVERSAL
Número de la Clasificación Decimal Universal 330.534
100 1# - ENTRADA PRINCIPAL--NOMBRE DE PERSONA
Nombre de persona Yanovsky, M.
9 (RLIN) 117562
245 10 - MENCIÓN DEL TÍTULO
Título Sistemas de contabilidad social /
Mención de responsabilidad, etc. M. Yanovsky ; [versión española realizada por Julio Viñuela Díaz].
260 ## - PUBLICACIÓN, DISTRIBUCIÓN, ETC.
Lugar de publicación, distribución, etc. Madrid [etc.] :
Nombre del editor, distribuidor, etc. Rialp,
Fecha de publicación, distribución, etc. imp. 1968.
300 ## - DESCRIPCIÓN FÍSICA
Extensión 259 p. ;
Dimensiones 24 cm.
490 1# - MENCIÓN DE SERIE
Mención de serie Libros de economía ;
Designación de volumen o secuencia 10
504 ## - NOTA DE BIBLIOGRAFÍA, ETC.
Nota de bibliografía, etc. Bibliografía: p. 256-259.
650 14 - PUNTO DE ACCESO ADICIONAL DE MATERIA--TÉRMINO DE MATERIA
Término de materia o nombre geográfico como elemento de entrada Contabilidad social.
9 (RLIN) 11314
700 1# - ENTRADA AGREGADA--NOMBRE PERSONAL
Nombre de persona Viñuela Díaz, Julio.
9 (RLIN) 115405
830 00 - PUNTO DE ACCESO ADICIONAL DE SERIE-TÍTULO UNIFORME
Título uniforme Libros de economía (Rialp)
Designación de volumen o secuencia 10
9 (RLIN) 186981
852 ## - LOCALIZACIÓN
Ubicación ES-MaACL
Número de control de estantería C-47431
Sublocalización o colección R.67536
852 ## - LOCALIZACIÓN
Ubicación ES-MaACL
Número de control de estantería E-14720
Encuadernación Olim P-527-bis
Holdings
Estatus retirado Estado de pérdida Estado de daño No para préstamo Biblioteca de origen Biblioteca actual Ubicación en estantería Fecha de adquisición Fuente de adquisición Total de préstamos Signatura topográfica completa Código de barras Visto por última vez Precio de reemplazo Tipo de ítem Koha
        Biblioteca del Ateneo de Madrid Biblioteca del Ateneo de Madrid Depósito 2 25/03/2011     E-14720 1186391 23/02/2023 23/02/2023 Libro impreso
        Biblioteca del Ateneo de Madrid Biblioteca del Ateneo de Madrid Depósito 2 17/01/2008     C-47431 1140132 23/02/2023 23/02/2023 Libro impreso